000
00405nam a2200133Ia 4500
008
100328s9999 xx 000 0 und d
082
_b
8197
100
_a
आपटे ह.ना.
245
_a
मुण्डकोपनिषते
260
_b
आनंदाश्रम
630
_a
मुण्डकोपनिषते
730
_a
मुण्डकोपनिषते
942
_c
BOOK
999
_c
503988
_d
503985